1470 1278 1632 1430 1559 1789 1687 1759 1052 1913 1887 1369 1357 1522 1039 1752 1183 1075 1245 1409 1922 1938 1819 1260 1948 1721 1542 1963 1539 1130 1503 1088 1913 1501 1668 1962 1107 1198 1595 1797 1632 1377 1608 1073 1825 1725 1085 1013 1976 1155 1425 1233 1016 1459 1891 1153 1774 1697 1872 1527 1974 1024 1065 1056 1553 1685 1329 1512 1349 1957 1227 1762 1641 1382 1228 1209 1161 1260 1272 1267 1528 1804 1870 1202 1286 1458 1268 1514 1678 1422 1805 1108 1866 1192 1685 1964 1411 1068 1082 BCNSPRNW ULIB Ver.6.0+V

เปลี่ยนเป็นภาษาไทย

Change to English
 แสดงรายละเอียดบรรณานุกรม
  กลับหน้าหลัก

Brief Record : Get Marc (ISO 2709) : E-mail record : QR code < ปิดหน้าต่าง
LEADER : 00000nam 2200000uu 4500
001    13399124505
003     ULIB
008    150817s2556 th a 000 0 tha d
020    9789749804223
020    9789749804228
090    นว.^bล158ร ล.5
100    ล่อร่า อิงกัลล์ส์ ไวล์เดอร์;^eผู้แต่ง
245    ริมทะเลสาบสีเงิน/^cล่อร่า อิงกัลล์ส์ ไวล์เดอร์. ; เขียน ,สุคนธรส. ; แปล
250    พิมพ์ครั้งที่ 9
260    กรุงเทพฯ :^bแพรวเยาวชน,^c2556
300    295 หน้า;^b18.5 ซม.
500    หนังสือชุดบ้านเล็ก
700    สุคนธรส ;^eแปล
945    ^p215^l0^i039776
999    ^aทศพร
รายการนี้ยังไม่มีแท็ก
คุณยังไม่ได้ล็อกอิน คุณสามารถมีกิจกรรมร่วมกับเว็บไซต์ได้ แต่ต้องล็อกอินก่อน ::
  ล็อกอิน

รายการสื่อสารสนเทศ

ลำดับที่ ประเภท เลขเรียก/บาร์โค้ด สถานที่ สถานะ
1. นวนิยาย
นวนิยาย
นว. ล158ร ล.5 ฉ.1 
  Barcode: 039776
ห้องสมุดวิทยาเขตสวรรค์ประชารักษ์
►นวนิยาย
บนชั้น
  ขอยืม

BibComment


ยังไม่เคยถูกคอมเมนท์

คอมเมนท์ทรัพยากรรายการนี้
  คอมเมนท์: ริมทะเลสาบสีเงิน ..


 Copyright 2026. Bcnsprnw @Library